=LDR 00000nam 2200000 4500 =001 INLIS000000000028091 =005 20130612130423 =008 ***********************************Ind** =035 ##$$0010-061300000028091 =041 ##$$a Ind =082 ##$$a 338.91 =090 ##$$a 338.91, KEN e =100 ##$$a Kenen, Peter B =245 ##$$a Ekonomi internasional, Peter B. Kenen, Raymond Lubitz; penerjemah, A. Sidik =260 ##$$a 1982 $b Jakarta =300 ##$$a x, 225 hlm, 21 cm =650 ##$$a Ekonomi Internasional =700 ##$$a Lubitz, Raymond =850 ##$$a NBPNMAT